|
|
|
|
| LEADER |
00000nam2a2200000 4500 |
| 001 |
293551 |
| 005 |
20231102000614.0 |
| 035 |
|
|
|a (RuTPU)RU\TPU\book\318589
|
| 090 |
|
|
|a 293551
|
| 100 |
|
|
|a 20150502d1983 km y0rusy50 ca
|
| 101 |
0 |
|
|a rus
|
| 102 |
|
|
|a UA
|
| 105 |
|
|
|a a z 001zy
|
| 200 |
0 |
|
|a Вып. 37
|f под ред. Л. П. Петрова
|
| 210 |
|
|
|d 1983
|
| 215 |
|
|
|a 127 с.
|c ил.
|
| 320 |
|
|
|a Библиография в конце статей
|
| 461 |
|
1 |
|0 (RuTPU)RU\TPU\book\31949
|t Электромашиностроение и электрооборудование
|o республиканский межведомственный научно-технический сборник
|v Вып. 37
|d 1965-1992
|
| 606 |
1 |
|
|a Электромашиностроение
|2 stltpush
|3 (RuTPU)RU\TPU\subj\20216
|9 45332
|
| 610 |
1 |
|
|a электрооборудование
|
| 610 |
1 |
|
|a автоматизированный электропривод
|
| 610 |
1 |
|
|a анализ
|
| 610 |
1 |
|
|a синтез
|
| 610 |
1 |
|
|a автоматическое управление
|
| 610 |
1 |
|
|a оптимизация
|
| 610 |
1 |
|
|a оптимальные параметры
|
| 610 |
1 |
|
|a электрические машины
|
| 610 |
1 |
|
|a асинхронные двигатели
|
| 610 |
1 |
|
|a магнитные поля
|
| 610 |
1 |
|
|a расчеты
|
| 610 |
1 |
|
|a обмотки
|
| 675 |
|
|
|a 621.31.002
|v 3
|
| 702 |
|
1 |
|a Петров
|b Л. П.
|4 340
|
| 801 |
|
1 |
|a RU
|b 63413507
|c 20150502
|
| 801 |
|
2 |
|a RU
|b 63413507
|c 20181017
|g RCR
|
| 942 |
|
|
|c BK
|